Blowing Smoke - Gracie Abrams - Statistics

General Stats
  • This quiz has been taken 33 times
    27 since last reset
  • The average score is 416 of 451
Answer Stats
Hint Answer % Correct
a
100%
be
100%
But
100%
VERSE 1 | VERSE 2 I
100%
in
100%
me
100%
my
100%
now
100%
she
100%
the
100%
to
100%
you
100%
You
100%
your
100%
all
95%
and
95%
BRIDGE | OUTRO | PRE-CHORUS And
95%
at
95%
At
95%
been
95%
bet
95%
blowing
95%
conversations
95%
don't
95%
down
95%
everything
95%
from
95%
go
95%
got
95%
hear
95%
her
95%
hill
95%
if
95%
If
95%
I'm
95%
interested
95%
interested ?
95%
internet ?
95%
it
95%
It
95%
know
95%
let
95%
mind
95%
of
95%
off
95%
on
95%
out
95%
place
95%
prettier
95%
pulse
95%
right
95%
she's
95%
shoes
95%
smoke
95%
still
95%
taking
95%
CHORUS Tell
95%
tell
95%
than
95%
they
95%
up
95%
Up
95%
was
95%
what
95%
you're
95%
You're
95%
you've
95%
alone
90%
another
90%
Are
90%
are
90%
away
90%
baggage
90%
brighter
90%
carrying
90%
cool ?
90%
didn't
90%
enough
90%
even
90%
far
90%
Far
90%
for
90%
girls
90%
going
90%
help
90%
image
90%
just
90%
kissing
90%
Like
90%
like
90%
look
90%
lying
90%
meets
90%
peace
90%
standards
90%
stars
90%
stupid
90%
takes
90%
voice
90%
any
86%
bullet
86%
bury
86%
couldn't
86%
crowd
86%
fell
86%
hurt
86%
I'll
86%
is
86%
point
86%
rope
86%
say
86%
sleep
86%
They're
86%
tower
86%
won't
86%
Bit
81%
completely
81%
cut
81%
feel
81%
fine
81%
hate
81%
nothing
81%
better
76%
boom
76%
about
71%
hotel
71%
it's
71%
knew
71%
love
71%
should
71%
so
71%
think
71%
who'll
71%
books
67%
find
67%
last
67%
perfect
67%
sleeping
67%
When
67%
yet
67%
impressed
62%
one
62%
opening
62%
time
62%
fantasy
57%
pretentious
52%
read
52%
Took
52%
aloud
48%
chalk
43%
drag
43%
fed
43%
Hey
14%
No matching quizzes found
Score Distribution
Percent of People with Each Score
Percentile by Number Answered
Your Score History
You have not taken this quiz since the last reset